00353nam a2200133Ia 4500008004100000020001800041041000800059082001900067245005200086250000600138260005300144300001300197650000900210210716s2007 xx 000 0 und d a9788120324800 aeng a005.3003 MICR aStep by step microsoft office power point 2003. a1 aNew DelhibPrentice Hall of India PVt Ltd.c2007 aliii,312 aNone